|
|
|
|
| LEADER |
01584nam a2200289 a 4500 |
| 001 |
728439 |
| 008 |
090615s2000 nju b 001 0 eng d |
| 010 |
|
|
|a 98047768
|
| 020 |
|
|
|a 0130200433
|
| 040 |
|
|
|a DLC
|c DLC
|d DLC
|
| 082 |
0 |
0 |
|a 658.4/21
|2 21
|
| 100 |
1 |
|
|a Lambing, Peggy A.
|
| 245 |
1 |
0 |
|a Entrepreneurship /
|c Peggy Lambing, Charles R. Kuehl.
|
| 250 |
|
|
|a 2nd ed.
|
| 260 |
|
|
|a Upper Saddle River, NJ :
|b Prentice Hall,
|c c2000.
|
| 300 |
|
|
|a xv, 301 p. :
|b ill. ;
|c 26 cm.
|
| 504 |
|
|
|a Includes bibliographical references and index.
|
| 541 |
1 |
|
|e 00014770
|
| 650 |
|
0 |
|a Entrepreneurship.
|
| 650 |
|
0 |
|a Entrepreneurship
|z United States.
|
| 700 |
1 |
|
|a Kuehl, Charles R.
|
| 852 |
4 |
|
|a Ayesha Abed Library
|j General shelf
|
| 999 |
|
|
|c 942
|d 942
|
| 952 |
|
|
|0 0
|1 0
|2 ddc
|4 0
|6 658_421000000000000_LAM
|7 0
|9 1246
|a BRACUL
|b BRACUL
|c GEN
|d 2009-06-25
|g 0.00
|l 4
|m 18
|o 658.421 LAM
|p 3010014770
|r 2014-04-27
|s 2014-01-28
|t 1
|w 2009-06-25
|y BK
|x No price found in the accession register.
|
| 952 |
|
|
|0 0
|1 0
|2 ddc
|4 0
|6 658_421000000000000_LAM
|7 0
|9 23652
|a BRACUL
|b BRACUL
|c GEN
|d 2013-11-03
|e Essence Science Publications
|g 4500.00
|l 4
|m 17
|o 658.421 LAM
|p 3010027738
|r 2023-06-17
|s 2023-06-04
|t 2
|w 2013-11-03
|y BK
|
| 952 |
|
|
|0 0
|1 0
|2 ddc
|4 0
|6 658_421000000000000_LAM
|7 0
|9 23653
|a BRACUL
|b BRACUL
|c GEN
|d 2013-11-03
|e Essence Science Publications
|g 4500.00
|l 5
|m 46
|o 658.421 LAM
|p 3010027739
|r 2024-09-10
|s 2024-06-10
|t 3
|w 2013-11-03
|y BK
|
| 952 |
|
|
|0 0
|1 0
|2 ddc
|4 0
|6 658_421000000000000_LAM
|7 0
|9 23654
|a BRACUL
|b BRACUL
|c GEN
|d 2013-11-03
|e Essence Science Publications
|g 4500.00
|l 2
|m 11
|o 658.421 LAM
|p 3010027740
|r 2014-04-19
|s 2014-01-28
|t 4
|w 2013-11-03
|y BK
|